000 00481nam a22001817a 4500
001 TVUNI
005 20260126014635.0
008 221102s2007 vm vie d
020 _c38000
040 _aTVUNI
_eAACR2
041 0 _avie
110 2 _aTổng cục thuế
245 1 0 _aChế độ hóa đơn chứng từ thuế /
_cTổng cục thuế
260 _aHà Nội :
_bTài Chính,
_c2007
300 _a206 tr. ;
_c21 cm.
942 _2ddc
_cBK
999 _c2098
_d2098
912 _a1
_bHiển Phạm